Flagi stanów USA - Statystyki

Ogólne statystyki
  • Ten quiz został rozwiązany 348 razy
  • Średni wynik to 18 z 50
Statystyki odpowiedzi
Obrazkowy Odpowiedź % Poprawnych
Teksas
95%
Kalifornia
87%
Alaska
73%
Waszyngton
73%
Ohio
68%
Hawaje
67%
Kolorado
64%
Nowy Meksyk
62%
Arizona
61%
Alabama
53%
Maryland
53%
Floryda
49%
Karolina Południowa
46%
Arkansas
43%
Wyoming
43%
Tennessee
37%
Luizjana
35%
Oregon
35%
Indiana
33%
Oklahoma
33%
Rhode Island
33%
Georgia
32%
Nevada
30%
Nowy Jork
30%
Delaware
29%
Utah
29%
Missisipi
28%
Michigan
27%
Iowa
26%
Dakota Południowa
24%
Illinois
24%
Karolina Północna
24%
Kentucky
24%
Massachusetts
24%
Missouri
24%
Maine
23%
Pensylwania
23%
Montana
22%
Nebraska
21%
New Jersey
21%
Minnesota
20%
Connecticut
19%
Idaho
19%
New Hampshire
19%
Wirginia
19%
Wirginia Zachodnia
19%
Kansas
18%
Vermont
17%
Wisconsin
17%
Dakota Północna
16%
Nie znaleziono quizów pasujących do podanych kryteriów
Rozkład punktacji
Procent ludzi z każdym wynikiem
Percentyl według liczby udzielonych odpowiedzi
Twoja historia wyników
Nie rozwiązałeś tego quizu